LEADER 02691nam 2200673Ia 450 001 9910451130703321 005 20200520144314.0 010 $a1-280-52960-1 010 $a0-19-535388-9 010 $a1-4294-0448-5 035 $a(CKB)1000000000408776 035 $a(EBL)272735 035 $a(OCoLC)476012348 035 $a(SSID)ssj0000250954 035 $a(PQKBManifestationID)11174274 035 $a(PQKBTitleCode)TC0000250954 035 $a(PQKBWorkID)10245244 035 $a(PQKB)11123787 035 $a(MiAaPQ)EBC272735 035 $a(PPN)236111663 035 $a(Au-PeEL)EBL272735 035 $a(CaPaEBR)ebr10278015 035 $a(CaONFJC)MIL52960 035 $a(OCoLC)466427902 035 $a(EXLCZ)991000000000408776 100 $a19961224d1998 uy 0 101 0 $aeng 135 $aur|n|---||||| 181 $ctxt 182 $cc 183 $acr 200 10$aStates of desire$b[electronic resource] $eWilde, Yeats, Joyce, and the Irish experiment /$fVicki Mahaffey 210 $aNew York $cOxford University Press$d1998 215 $a1 online resource (295 p.) 300 $aDescription based upon print version of record. 311 $a0-19-511592-9 320 $aIncludes bibliographical references (p. 253-260) and index. 327 $aContents; Abbreviations; 1. Introduction: Reading and ""Irish"" Desire; 2. Wilde's Desire: A Study in Green; 3. ""Horrible Splendour of Desire"": The Will of W.B.Yeats; 4. Joyful Desire: Giacomo Joyce and Finnegans Wake; 5. Conclusion; Notes; Selected Bibliography; Index 330 $aThis study shows how the writings of Wilde, Yeats, and Joyce are politically subversive in the most local and dangerous sense of the term: they aim to take apart the assumptions and verbal practices that make dominance possible. 606 $aEnglish literature$xIrish authors$xHistory and criticism 606 $aEnglish literature$y19th century$xHistory and criticism 606 $aEnglish literature$y20th century$xHistory and criticism 606 $aNational characteristics, Irish, in literature 607 $aIreland$xIn literature 608 $aElectronic books. 615 0$aEnglish literature$xIrish authors$xHistory and criticism. 615 0$aEnglish literature$xHistory and criticism. 615 0$aEnglish literature$xHistory and criticism. 615 0$aNational characteristics, Irish, in literature. 676 $a820.99415 676 $a820.9941509041 700 $aMahaffey$b Vicki$0533590 801 0$bMiAaPQ 801 1$bMiAaPQ 801 2$bMiAaPQ 906 $aBOOK 912 $a9910451130703321 996 $aStates of desire$9915936 997 $aUNINA LEADER 01438nam 2200373Ia 450 001 996385417403316 005 20200824132128.0 035 $a(CKB)4940000000078460 035 $a(EEBO)2248562541 035 $a(OCoLC)ocm12681071e 035 $a(OCoLC)12681071 035 $a(EXLCZ)994940000000078460 100 $a19851016d1653 uy | 101 0 $aeng 135 $aurbn||||a|bb| 200 12$aA briefe view of the state of the Church of England as it stood in Q. Elizabeths and King James his reigne, to the yeere 1608$b[electronic resource] $ebeing a character and history of the bishops of those times ... /$fwritten ... by Sir John Harington ..., Knight 210 $aLondon $cPrinted for Jos. Kirton ...$d1653 215 $a[11], 211 [i.e. 213], [3] p 300 $a"The epistle dedicatory" signed: John Chetwind. 300 $aReproduction of original in Union Theological Seminary Library, New York. 300 $aIncludes index. 330 $aeebo-0160 606 $aBishops$zEngland 615 0$aBishops 700 $aHarington$b John$cSir,$f1560-1612.$0447217 701 $aChetwynd$b John$f1623-1692.$01002225 801 0$bEAA 801 1$bEAA 801 2$bm/c 801 2$bWaOLN 906 $aBOOK 912 $a996385417403316 996 $aA briefe view of the state of the Church of England as it stood in Q. Elizabeths and King James his reigne, to the yeere 1608$92410690 997 $aUNISA